00257nam a2200121Ia 45000030006000000080041000060400015000471000011000622450024000732600009000975460012001060050017001180STCL150530s9999 xx 000 0 und d aSTCLcSTCL aAusten aPride and prejudice c1904 aEnglish20220125171049.0